[Event "Pardubice op rapid 28th"]
[Site "Pardubice"]
[Date "2017.07.20"]
[Round "8"]
[White "Haase, Pavel"]
[Black "Pipek, Petr"]
[Result "1-0"]
[WhiteElo "2103"]
[BlackElo "1525"]
[PlyCount "35"]
[EventDate "2017.07.19"]
[EventType "swiss (rapid)"]
[EventRounds "9"]
[EventCountry "CZE"]
[SourceTitle "CBM 179 Extra"]
[Source "ChessBase"]
[SourceDate "2017.08.23"]
[SourceVersion "1"]
[SourceVersionDate "2017.08.23"]
[SourceQuality "1"]

1. Nf3 Nf6 2. d4 d5 3. Bf4 e6 4. e3 Bd6 5. Ne5 Nbd7 6. Bd3 c5 7. Nxf7 Kxf7 8. Bxd6 cxd4 9. exd4 Qb6 10. Ba3 Re8 11. 0-0 e5 12. dxe5 Nxe5 13. Nc3 Bg4 14. Qd2 Bh3 15. Qe3 Qxe3 16. fxe3 Nf3+ 17. Rxf3 Be6 18. Nb5 1-0

[Event "Pardubice op rapid 28th"]
[Site "Pardubice"]
[Date "2017.07.20"]
[Round "6"]
[White "Slovak, Kilian"]
[Black "Pipek, Petr"]
[Result "1/2-1/2"]
[WhiteElo "2254"]
[BlackElo "1525"]
[PlyCount "92"]
[EventDate "2017.07.19"]
[EventType "swiss (rapid)"]
[EventRounds "9"]
[EventCountry "CZE"]
[SourceTitle "CBM 179 Extra"]
[Source "ChessBase"]
[SourceDate "2017.08.23"]
[SourceVersion "1"]
[SourceVersionDate "2017.08.23"]
[SourceQuality "1"]

1. e4 c5 2. Nf3 Nc6 3. d4 cxd4 4. Nxd4 d6 5. Nc3 g6 6. Be3 Bg7 7. f3 Nf6 8. Qd2 Bd7 9. 0-0-0 a6 10. h4 Rc8 11. Kb1 Ne5 12. Nd5 Nxd5 13. exd5 Nc4 14. Bxc4 Rxc4 15. h5 Qb6 16. Nb3 Qc7 17. hxg6 Bf5 18. gxf7+ Kf8 19. Rc1 Kxf7 20. Bd4 Rc8 21. Bxg7 Rxc2 22. Rxc2 Qxc2+ 23. Qxc2 Bxc2+ 24. Ka1 Bxb3 25. Bc3 Bxd5 26. Rxh7+ Ke6 27. Rh6+ Kd7 28. Rh5 Bc6 29. Rg5 Rf8 30. Kb1 Rf7 31. Kc2 Rh7 32. Kd3 Rh1 33. Ke3 Rf1 34. Rg7 Ke6 35. f4 Rg1 36. g4 Rg3+ 37. Kd4 Kd7 38. f5 Ke8 39. Kc4 Kf8 40. Rg6 Be8 41. Rg5 Bf7+ 42. Kb4 Bxa2 43. Ka5 Bd5 44. Kb6 Bf3 45. Kc7 Rxg4 46. Rxg4 Bxg4 1/2-1/2

[Event "Pardubice op rapid 28th"]
[Site "Pardubice"]
[Date "2017.07.19"]
[Round "2"]
[White "Pipek, Petr"]
[Black "Pulpan, Jakub"]
[Result "0-1"]
[WhiteElo "1525"]
[BlackElo "2368"]
[PlyCount "145"]
[EventDate "2017.07.19"]
[EventType "swiss (rapid)"]
[EventRounds "9"]
[EventCountry "CZE"]
[SourceTitle "CBM 179 Extra"]
[Source "ChessBase"]
[SourceDate "2017.08.23"]
[SourceVersion "1"]
[SourceVersionDate "2017.08.23"]
[SourceQuality "1"]

1. d4 Nf6 2. c4 e6 3. Nc3 Bb4 4. Qc2 0-0 5. Nf3 c5 6. Bg5 cxd4 7. Nxd4 Nc6 8. Nxc6 bxc6 9. e3 d5 10. cxd5 cxd5 11. a3 Be7 12. Be2 h6 13. Bh4 Bb7 14. 0-0 Rc8 15. Qb3 Bc6 16. Rac1 Rb8 17. Qc2 a5 18. Rfd1 Qb6 19. Rb1 Qb3 20. Qxb3 Rxb3 21. Bg3 Bxa3 22. bxa3 Rxc3 23. Rdc1 Rxc1+ 24. Rxc1 Bd7 25. Bf3 Ra8 26. h3 Bb5 27. Rc7 a4 28. Be5 Bd3 29. Rb7 Be4 30. Bxf6 gxf6 31. Bxe4 dxe4 32. Rb4 f5 33. Kf1 h5 34. Ke2 Kg7 35. f3 exf3+ 36. Kxf3 Kf6 37. g4 hxg4+ 38. hxg4 fxg4+ 39. Kxg4 Ra5 40. e4 Ke5 41. Kf3 Ra8 42. Ke3 Ra7 43. Rb5+ Kf6 44. Kf4 Ke7 45. Ke3 Kd6 46. Kd4 Kc6 47. Kc4 Ra8 48. Rb4 Ra5 49. Rb8 Kd6 50. Kd4 Ra7 51. Rb6+ Ke7 52. Rb8 Kf6 53. Ke3 Kg5 54. Rg8+ Kf6 55. Rb8 Ra5 56. Rb4 Kg5 57. Kf3 Ra7 58. Rb5+ Kf6 59. Kf4 Ra8 60. Rb4 Ra5 61. Rb7 Kg6 62. Rb6 Ra8 63. Rb5 Kf6 64. e5+ Kg6 65. Rb2 Ra5 66. Rg2+ Kh6 67. Ke4 Rb5 68. Rh2+ Kg7 69. Rh3 Rb1 70. Rd3 Re1+ 71. Kf4 Rh1 72. Rg3+ Kf8 73. Ke4 0-1